[Event "Athens Herakleiou op 18th"]
[Site "Athens"]
[Date "2015.06.21"]
[Round "9"]
[White "Georgiou, Konstantinos"]
[Black "Mitrandzas, Athanasios"]
[Result "1-0"]
[WhiteElo "2212"]
[BlackElo "2080"]
[PlyCount "55"]
[EventDate "2015.06.13"]
[EventType "swiss"]
[EventRounds "9"]
[EventCountry "GRE"]
[SourceTitle "EXT 2024"]
[Source "ChessBase"]
[SourceDate "2023.10.10"]
[SourceVersion "1"]
[SourceVersionDate "2023.10.10"]
[SourceQuality "1"]

1. d4 Nf6 2. c4 e6 3. Nc3 Bb4 4. a3 Bxc3+ 5. bxc3 b6 6. f3 Nc6 7. e4 Na5 8. Bd3 Ba6 9. Qe2 Nb3 10. Rb1 Nxc1 11. Rxc1 0-0 12. Nh3 Rc8 13. 0-0 d5 14. cxd5 Bxd3 15. Qxd3 exd5 16. e5 Ne8 17. f4 f5 18. Ng5 Qd7 19. Rce1 h6 20. e6 Qe7 21. Nf7 Nd6 22. Nxd6 Qxd6 23. e7 Rfe8 24. Qxf5 c6 25. Re6 Qd7 26. Qe5 c5 27. f5 Rc6 28. Rxc6 1-0